00475 2200193 4500001002100000005001500021008004100036020001800077035001900095041000600114082000800120090001400128100002200142245002800164260004600192300002000238500000600258650001700264INLIS00000000000290220241224112625241224||||||||| | ||| |||| ||  a979-686-700-1 0010-1224002902 a00 a813 a813 SAR m0 aMaria A. Sardjono00aMelati di Musim Kemarau aJakartabPT. Gramedia Pustaka Utamac2002 a296 hlm.; 18 cm a2 0aKesusastraan